000 00216 a2200097 4500
001 54195
100 _aAnton,Howard
245 _aCalculus
260 _aIslamabad
_bNational Book Foundation
_c
090 _c33802
_d33802
942 _aNUST-CAE
_cM
_c26450
999 _c289268
_d289268